Terminus des lignes - Irigo (Angers) - Statistiques

Statistiques générales
  • Ce quiz a été pris 10 fois
  • Le résultat moyen est 22 sur 69
Statistiques - réponses
Ligne Terminus % Correct
A Avrillé-Ardenne
75%
A Roseraie
75%
C Roseraie
75%
B Belle-Beille Campus
63%
C Belle-Beille Campus
63%
E23 Hôtel de Ville
63%
E24 Hôtel de Ville
63%
E25 Hôtel de Ville
63%
30 Hôtel de Ville
63%
31 Hôtel de Ville
63%
32 Hôtel de Ville
63%
1 Lorraine
63%
11 Lorraine
63%
B Monplaisir
63%
12 Monplaisir
63%
5 AquaVita
50%
6 CHU-Hôpital
50%
4 L’Hoirie
50%
1 Quantinière
50%
2 Venaiserie
50%
3 Adézière
38%
7 Béné
38%
9 Éventard
38%
E20 Gares Papin
38%
E21 Gares Papin
38%
E22 Gares Papin
38%
2 Haute Roche
38%
38 Moulin
38%
9 Moulin Marcille
38%
8 Moulin Marcille / Sorges / Floriloire
38%
4 Parc Expo
38%
11 Parc Expo
38%
10 Provins
38%
8 Roche Morna
38%
E24 Royale
38%
3 Soland
38%
7 St-Aubin La Salle
38%
40 Trélazé Gare / Royale
38%
E22 Chantourteau
25%
6 Chantourteau
25%
E21 Domaine du Val
25%
E20 L’Atoll
25%
34 Le Quai / Terra Botanica
25%
10 St-Lézin / Trélazé Gare
25%
E25 Chêne Vert
13%
E23 Hauts-de-Mûrs
13%
33 Le Quai
13%
35 Le Quai
13%
36 Le Quai
13%
37 Le Quai
13%
38 Le Quai
13%
N Mail
13%
42 St-Mathurin Mairie / Grand Chemin
13%
33 ZA Feneu / Croix de Beauvais
13%
36 Beau Soleil
0%
39 Béhuard Bourg / Le Fresne
0%
34 Bois des Dames / ZA La Chesnaie
0%
41 Gare routière Esplanade
0%
39 Gare routière Sémard
0%
37 Écuillé Mairie
0%
40 Gare routière Esplanade
0%
42 Gare routière Esplanade
0%
41 Haute-Marzelle
0%
M La Cité - Chabada
0%
35 La Coudre / Les Essarts
0%
32 L’Hermitage
0%
30 Louise Michel
0%
31 Soucelles Stade / Vérigné
0%
12 Veillière
0%
Aucun quiz correspondant
Distribution des résultats
% des personnes avec chaque résultat
Percentile par nombre de réponses
Votre historique - résultats
Vous n’avez pas pris ce quiz